000
00336 a2200157 4500
001
193072
020
_a
978-85-08-11131-2
040
_c
Magnum
100
_a
Junqueira, Sonia
240
1
0
_a
O mistério da lua
_l
por
245
1
0
_a
O mistério da lua
300
_a
24
362
0
_a
2015
697
_a
LITERATURA INFANTIL
942
_c
BK
999
_c
193072
_d
193072